Greene's infectious diseases of the dog and cat /

Bibliographic Details
Other Authors: Sykes, Jane E. (Editor), Rankin, Shelley C. (Editor), Papich, Mark G. (Editor), Weese, J. Scott (Editor), Little, Susan E. (Editor), Greene, Craig E.
Format: eBook
Language:English
Published: St. Louis, Missouri : Elsevier, [2023]
Edition:Fifth edition.
Subjects:
Online Access:Connect to the full text of this electronic book.

MARC

Tag First Indicator Second Indicator Subfields
LEADER 00000cam a22000007i 4500
001 in00004745839
008 230410s2023 moua ob 001 0 eng d
006 m o d
007 cr cn|||||||||
005 20231002173908.6
035 |a (OCoLC)on1375389445 
040 |a OPELS  |b eng  |e rda  |e pn  |c OPELS  |d YDX  |d GZM  |d OCLCF 
020 |z 9780323509343  |q (print) 
035 |a (OCoLC)1375389445 
060 4 |a SF 991 G799i 2023eb 
245 0 0 |a Greene's infectious diseases of the dog and cat /  |c editor: Jane E. Sykes ; section editors: Shelley C. Rankin, Mark G. Papich, J. Scott Weese, Susan E. Little. 
246 3 0 |a Infectious diseases of the dog and cat 
250 |a Fifth edition. 
264 1 |a St. Louis, Missouri :  |b Elsevier,  |c [2023] 
264 4 |c ©2023 
300 |a 1 online resource :  |b illustrations 
336 |a text  |b txt  |2 rdacontent 
337 |a computer  |b c  |2 rdamedia 
338 |a online resource  |b cr  |2 rdacarrier 
504 |a Includes bibliographical references and index. 
505 1 |a Part 1: Principles of diagnosis, treatment and control of infectious diseases. Principles of infectious disease diagnosis -- Anti-infective drugs -- Principles of infection control -- Part 2: Specific infectious diseases and their etiologic agents. Viral diseases -- Bacterial diseases -- Fungal diseases -- Protozoal diseases -- Metazoan parasites and parasitic diseases -- Infectious disease of body systems and clinical problems. 
650 0 |a Dogs  |x Infections. 
650 0 |a Cats  |x Infections. 
650 0 |a Dogs  |x Diseases. 
650 0 |a Cats  |x Diseases. 
650 2 |a Communicable Diseases  |x veterinary. 
650 2 |a Bacterial Infections and Mycoses  |x veterinary. 
650 2 |a Virus Diseases  |x veterinary. 
650 2 |a Parasitic Diseases. 
650 2 |a Dog Diseases. 
650 2 |a Cat Diseases. 
650 2 |a Dogs. 
650 2 |a Cats. 
700 1 |a Sykes, Jane E.,  |e editor. 
700 1 |a Rankin, Shelley C.,  |e editor. 
700 1 |a Papich, Mark G.,  |e editor. 
700 1 |a Weese, J. Scott.,  |e editor. 
700 1 |a Little, Susan E.,  |e editor. 
700 1 |i Preceded by:  |a Greene, Craig E.  |t Infectious diseases of the dog and cat.  |s 4th ed. 
776 0 8 |i Print version:  |t Greene's infectious diseases of the dog and cat.  |b Fifth edition  |z 9780323509343  |w (OCoLC)1348103912 
856 4 0 |u http://proxy.library.tamu.edu/login?url=https://www.sciencedirect.com/science/book/9780323509343  |z Connect to the full text of this electronic book.  |t 0 
994 |a Z0  |b TMV 
948 |h HELD BY TMV - 23 OTHER HOLDINGS 
999 f f |s ebd16047-5041-4e4a-a701-70785021b969  |i e75fd9ef-01d9-4197-90e6-ca7caa01f2fc  |t 0 
952 f f |a Texas A&M University  |b College Station  |c Electronic Resources  |d Available Online  |t 0  |e SF 991 G799i 2023eb  |h National Library of Medicine classification 
998 f f |a SF 991 G799i 2023eb  |t 0  |l Available Online